Countries by First Two Letters of Bordering Countries in 45 Seconds - Statistics

General Stats
  • This quiz has been taken 5,599 times
  • The average score is 160 of 196
Answers on the Map
Answers color-coded by a green-red scale on the quiz's map according to % correct below.
 
Answer Stats
Country % Correct
Argentina
99%
Bolivia
99%
Brazil
99%
Central African Republic
99%
China
99%
France
99%
Germany
99%
India
99%
Niger
99%
Russia
99%
United States
99%
Afghanistan
98%
Canada
98%
Chad
98%
Colombia
98%
Italy
98%
Kazakhstan
98%
Libya
98%
Mali
98%
Mexico
98%
Myanmar
98%
North Korea
98%
Oman
98%
Pakistan
98%
Peru
98%
Poland
98%
Saudi Arabia
98%
Spain
98%
Sudan
98%
Zambia
98%
Albania
97%
Algeria
97%
Austria
97%
Azerbaijan
97%
Belarus
97%
Burkina Faso
97%
Cameroon
97%
Democratic Republic of the Congo
97%
Greece
97%
Indonesia
97%
Iran
97%
Kosovo
97%
Malaysia
97%
Mongolia
97%
Mozambique
97%
Nigeria
97%
South Africa
97%
South Sudan
97%
Switzerland
97%
Ukraine
97%
United Arab Emirates
97%
United Kingdom
97%
Venezuela
97%
Chile
96%
Cote d'Ivoire
96%
Czech Republic
96%
Finland
96%
Guinea
96%
Hungary
96%
Laos
96%
Lithuania
96%
Macedonia
96%
Mauritania
96%
Morocco
96%
Nepal
96%
Norway
96%
Paraguay
96%
Qatar
96%
Serbia
96%
Slovakia
96%
Tanzania
96%
Turkey
96%
Uganda
96%
Vietnam
96%
Armenia
95%
Bulgaria
95%
Iraq
95%
Ireland
95%
Namibia
95%
Republic of the Congo
95%
Swaziland
95%
Zimbabwe
95%
Bhutan
94%
Botswana
94%
Ethiopia
94%
Kenya
94%
Liechtenstein
94%
Slovenia
94%
Suriname
94%
Thailand
94%
Brunei
93%
Georgia
93%
Guyana
93%
Kyrgyzstan
93%
Latvia
93%
Somalia
93%
Angola
92%
Costa Rica
92%
Djibouti
92%
Senegal
92%
Tajikistan
92%
Turkmenistan
92%
Egypt
91%
Jordan
91%
Malawi
91%
Sweden
91%
Syria
91%
Belgium
90%
Netherlands
90%
Romania
90%
Papua New Guinea
89%
South Korea
89%
Uruguay
89%
Denmark
88%
Lesotho
87%
Montenegro
87%
Tunisia
87%
Australia
86%
Estonia
86%
Kuwait
86%
Liberia
86%
Nicaragua
86%
Panama
86%
Uzbekistan
86%
Yemen
86%
Ecuador
85%
Solomon Islands
85%
Bangladesh
84%
Ghana
84%
Guatemala
84%
Madagascar
84%
Maldives
84%
Malta
84%
Marshall Islands
84%
Mauritius
84%
Rwanda
84%
Burundi
83%
Benin
81%
Croatia
81%
Belize
80%
Cambodia
80%
Honduras
80%
Portugal
79%
Bosnia and Herzegovina
78%
Gabon
77%
Israel
76%
Moldova
75%
Equatorial Guinea
74%
Jamaica
74%
Japan
74%
Luxembourg
74%
Sri Lanka
73%
Sierra Leone
71%
Togo
71%
San Marino
70%
Guinea-Bissau
69%
Andorra
68%
El Salvador
66%
Eritrea
65%
East Timor
64%
Iceland
61%
Comoros
60%
Cuba
59%
Saint Kitts and Nevis
59%
Saint Lucia
59%
Saint Vincent and the Grenadines
59%
Samoa
59%
São Tomé and Príncipe
59%
Monaco
58%
Palau
58%
Gambia
57%
Dominican Republic
56%
Haiti
56%
Cape Verde
54%
New Zealand
53%
Tuvalu
51%
Philippines
48%
Bahamas
44%
Bahrain
44%
Barbados
44%
Seychelles
43%
Vatican City
38%
Taiwan
36%
Tonga
32%
Antigua and Barbuda
31%
Lebanon
31%
Nauru
24%
Dominica
22%
Fiji
21%
Grenada
21%
Kiribati
21%
Singapore
17%
Cyprus
14%
Vanuatu
13%
Federated States of Micronesia
11%
Trinidad and Tobago
10%
No matching quizzes found
Score Distribution
Percent of People with Each Score
Percentile by Number Answered
Your Score History
You have not taken this quiz